Nixon habla (Record no. 17690)

MARC details
000 -LEADER
campo de control de longitud fija 00787nam a2200193 i 4500
001 - NÚMERO DE CONTROL
campo de control 17690
003 - IDENTIFICADOR DE NÚMERO DE CONTROL
campo de control ES-MaACL
005 - FECHA Y HORA DE LA ÚLTIMA TRANSACCIÓN
campo de control 20230906151637.0
007 - CAMPO FIJO DE DESCRIPCIÓN FÍSICA--INFORMACIÓN GENERAL
campo de control de longitud fija t|
008 - DATOS DE LONGITUD FIJA--INFORMACIÓN GENERAL
campo de control de longitud fija 010503s1972 xxu ||||1| spa d
080 ## - NÚMERO DE LA CLASIFICACIÓN DECIMAL UNIVERSAL
Número de la Clasificación Decimal Universal 32 Nixon, Richard
100 1# - ENTRADA PRINCIPAL--NOMBRE DE PERSONA
Nombre de persona Nixon, Richard M.
9 (RLIN) 85786
245 10 - MENCIÓN DEL TÍTULO
Título Nixon habla
Resto del título : ideas, programas, metas.
260 ## - PUBLICACIÓN, DISTRIBUCIÓN, ETC.
Lugar de publicación, distribución, etc. [Washington :
Nombre del editor, distribuidor, etc. Washington Star-News,
Fecha de publicación, distribución, etc. 1972]
300 ## - DESCRIPCIÓN FÍSICA
Extensión 14 p. :
Otras características físicas il. ;
Dimensiones 22 cm.
594 ## - Nota al título y mención de responsabilidad
Nota al título y mención de responsabilidad Traducción de las manifestaciones del presidente Nixon durante una entrevista, concedida el domingo día 5 de noviembre, al corresponsal de la Casa Blanca, Garnett D. Horner, publicadas por el "Washinton Star-News" el 9 de noviembre de 1972.
600 14 - PUNTO DE ACCESO ADICIONAL DE MATERIA--NOMBRE DE PERSONA
Nombre de persona Nixon, Richard M.-
Subdivisión general Pensamiento político.
9 (RLIN) 85787
852 ## - LOCALIZACIÓN
Ubicación ES-MaACL
Número de control de estantería 2163-F-19
Holdings
Estatus retirado Estado de pérdida Estado de daño No para préstamo Colección Biblioteca de origen Biblioteca actual Ubicación en estantería Fecha de adquisición Fuente de adquisición Total de préstamos Signatura topográfica completa Código de barras Visto por última vez Precio de reemplazo Tipo de ítem Koha
        Colección de folletos Biblioteca del Ateneo de Madrid Biblioteca del Ateneo de Madrid Depósito folletos 17/01/2008     2163-F-19 1018046 23/02/2023 23/02/2023 Folleto